| 000 | 00434nam a2200157Ia 4500 | ||
|---|---|---|---|
| 005 | 20250620020322.0 | ||
| 008 | 240331s9999 xx 000 0 und d | ||
| 020 | _a9789551772253 | ||
| 082 |
_bUYA _a323 |
||
| 100 | _aUyangoda,J | ||
| 245 | 0 | _aLankawe deshapalana wenasweem 2007-2008 | |
| 260 |
_aColombo _bScience Society Association _c2008 |
||
| 300 | _a61 p ., | ||
| 500 | _aSri Lanka's Political Change's 2007 - 2008 | ||
| 942 | _cL | ||
| 999 |
_c5208 _d5208 |
||